000 00216nam a22001097a 4500
041 _aENG
245 _aNectar To Poison
260 _aNew Delhi
_bCSE
_c2008
300 _a58
650 _aSWCE
856 _uSWCE ( 24 )
999 _c1822
_d1822